The noble scholar, jurist, historian


 His Excellency Dr. Abdul Wahhab bin Ibrahim Abu Sulaiman, may Allah have mercy on him.


 He was born in Umm Al-Qura in the year 1356 AH.

الحدود والأحكام الفقهية / (Record no. 11749)

MARC details
000 -LEADER
fixed length control field 01546cam a2200325 i 4500
003 - CONTROL NUMBER IDENTIFIER
control field SA-RiAUC
005 - DATE AND TIME OF LATEST TRANSACTION
control field 20250915065632.0
008 - FIXED-LENGTH DATA ELEMENTS--GENERAL INFORMATION
fixed length control field 250910s1991 le g b 000 0 ara c
024 0# - OTHER STANDARD IDENTIFIER
Standard number or code 33000000001898
024 0# - OTHER STANDARD IDENTIFIER
Standard number or code 77000000005768
040 ## - CATALOGING SOURCE
Original cataloging agency AE-AiULD
Language of cataloging ara
Transcribing agency SA-RiAUC
Description conventions rda
082 04 - DEWEY DECIMAL CLASSIFICATION NUMBER
Classification number 255
Assigning agency SA-RiAUC
090 ## - LOCALLY ASSIGNED LC-TYPE CALL NUMBER (OCLC); LOCAL CALL NUMBER (RLIN)
Classification number (OCLC) (R) ; Classification number, CALL (RLIN) (NR) 255
Local cutter number (OCLC) ; Book number/undivided call number, CALL (RLIN) م ص ن
100 1# - MAIN ENTRY--PERSONAL NAME
Personal name مصنفك، علي بن محمد بن مسعود،
Dates associated with a name 875-803 هجري
Relator term مؤلف.
245 12 - TITLE STATEMENT
Title الحدود والأحكام الفقهية /
Statement of responsibility, etc. للإمام علي بن مجد الدين بن الشاهرودي البسطامي الشهير بمصنفك ؛ تحقيق وتعليق عادل أحمد عبد الموجود، علي محمد معوض.
250 ## - EDITION STATEMENT
Edition statement الطبعة الأولى.
264 #1 - PRODUCTION, PUBLICATION, DISTRIBUTION, MANUFACTURE, AND COPYRIGHT NOTICE
Place of production, publication, distribution, manufacture بيروت :
Name of producer, publisher, distributor, manufacturer دار الكتب العلمية،
Date of production, publication, distribution, manufacture, or copyright notice 1991.
300 ## - PHYSICAL DESCRIPTION
Extent 126 صفحة ؛
Dimensions 24 سم
336 ## - CONTENT TYPE
Content type term نص
Content type code txt
Source rdacontent
Materials specified كتاب
337 ## - MEDIA TYPE
Media type term بدون وسيط
Media type code n
Source rdamedia
338 ## - CARRIER TYPE
Carrier type term مجلد
Carrier type code nc
Source rdacarrier
504 ## - BIBLIOGRAPHY, ETC. NOTE
Bibliography, etc. note يشتمل على إرجاعات ببليوجرافية.
504 ## - BIBLIOGRAPHY, ETC. NOTE
Bibliography, etc. note يشتمل على ببليوجرافية.
650 #7 - SUBJECT ADDED ENTRY--TOPICAL TERM
Topical term or geographic name entry element الحدود (شريعة إسلامية)
Source of heading or term aucsh
700 1# - ADDED ENTRY--PERSONAL NAME
Personal name عبد الموجود، عادل أحمد
Relator term محقق.
700 1# - ADDED ENTRY--PERSONAL NAME
Personal name معوض، علي محمد
Relator term محقق.
700 12 - ADDED ENTRY--PERSONAL NAME
Relationship information تحقيق لـ (عمل) :
Personal name مصنفك، علي بن محمد بن مسعود،
Dates associated with a name 875-803 هجري.
Title of a work الحدود والأحكام الفقهية.
942 ## - ADDED ENTRY ELEMENTS (KOHA)
Source of classification or shelving scheme Dewey Decimal Classification
Koha item type Books
Suppress in OPAC No
949 ## - LOCAL PROCESSING INFORMATION (OCLC)
a SA-JeALM
d 250910
u mohamedma123
n 1
Holdings
Withdrawn status Lost status Source of classification or shelving scheme Damaged status Not for loan Home library Current library Date acquired Total checkouts Full call number Barcode Date last seen Price effective from Koha item type
    Dewey Decimal Classification     DR AbdElwahab Library DR AbdElwahab Library 09/15/2025   255 م ص ن 000018942 09/15/2025 09/15/2025 Books